01355nam a2200313 i 4500003000900000005001700009007000300026008004100029020001800070040003000088082001900118100005200137245012600189250001900315264004700334300003600381336002700417337003300444338002800477590002700505700004600532700006100578700005200639700005700691910001400748942001400762952024800776999001701024DO-SdBNP20241219122124.0ta241219s2011 dr c 000 0 spa d a9789945409093 aDO-SdBNPbspacBNPHUerda 4axxxbS211b2221 aSánchez, Fernando,d1944-eautor4aut.95604710aBordeando el rio :b2010 /cFernando Sánchez, Jimmy Sierra, y Antonio Lockward ; prólogos Pedro Mir, Jeannette Miller a2a. edición  1aSanto Domingo :bImpresora Conadex,c2011. a163 páginasbretratosc22 cm. atextobtxt2rdacontent asin mediaciónbn2rdamedia avolumenbnc2rdacarrier aInventariado, 2024/ YL1 aSierra, Jimmy,d1944-eautor4aut.956048 aLockward Artiles, Antoniod1943-2022eautor4aut.9188231 aMir, Pedrod1913-2000eprologuista972454prol.1 aMiller, Jeannette,d1944-eprologuista9834844prol. aYLockward 2ddccLBS1 00102ddc51708PDaBNPHUbBNPHUcCTd2023-12-01eDonado por la Presidencia de la República Dominicana 2023l0oBNPHU PD xxx S211bp2024-7059r2024-12-19w2024-12-19yLBS1zPerteneció a la biblioteca personal de René Rodríguez Soriano c57980d57980